Datum a čas kvízu
27.5
Celkem bodů
Celkový počet nahraných bodů na tomto kvízu bez doplňovacích otázek.
7.
Pořadí na kvízu
Konečné umístění týmu na tomto kvízu.
Zaznamenané odpovědi
| # | Otázka | Odpověď | Body | Výsledky |
|---|---|---|---|---|
| 1. | Jak se jmenoval písničkář, kte... | David Stypka | 0 | |
| 2. | Minulý týden informovala média... | C | 0 | |
| 3. | Nebyl by to ten správný Hallow... | Medusu/Gorgonu | 1 | |
| 4. | Známý dánský pivovar představi... | Carlsberg | 1 | |
| 5. | Vedení NBA schválilo prodej ji... | Los Angeles Lakers | 1 | |
| 6. | Ačkoliv je čas večeře, věnujem... | fazole; rajčata | 0.5 | |
| 7. | Od slané ke sladké snídani. V... | javorový sirup | 1 | |
| 8. | „Snídaně v trávě“ není název: | D | 0 | |
| 9. | Když vyrazíme od Mumlavského v... | Krakonošova snídaně | 1 | |
| 10. | Mnozí z nás si snídani bez káv... | cascara | 0 |